000 00366nam a2200169Ia 4500
008 210210b1892 xxu||||| |||| 00| 0 eng d
041 _aeng
082 _a883/40
100 _aHARSHA
245 _aNagAnanda by BhAnap
260 _aBombay
_b-
_c1892
650 _aNagAnanda
650 _aby
650 _aBhanap
690 _aSanskrit Drama
906 _a024370
999 _c149860
_d149860